• Alberione, Giacomo

di Personal Name

Records bibliografici associati: 103

001 - CONTROL NUMBER

  • control field: 14

003 - CONTROL NUMBER IDENTIFIER

  • control field: OSt

005 - DATE AND TIME OF LATEST TRANSACTION

  • control field: 20121108120234.0

008 - FIXED-LENGTH DATA ELEMENTS

  • fixed length control field: 121108|| aca||aabn | a|a d

040 ## - CATALOGING SOURCE

  • Original cataloging agency: OSt
  • Transcribing agency: OSt

100 ## - HEADING--PERSONAL NAME

  • Personal name: Alberione, Giacomo
  • Fuller form of name: ssp

670 ## - SOURCE DATA FOUND

  • Source citation: Work cat.: (OSt)36479: Alberione, Giacomo ssp, Maggiorino Vigolungo.
CREDITS: SOCIETA' SAN PAOLO Via A.Severo, 58 - ROMA (RM) & PERIODICI SAN PAOLO SRL Via Giotto, 36 MILANO & CISF Via Giotto, 36 MILANO & EDIZIONI SAN PAOLO SRL,  Piazza Soncino, 5 CINISELLO BALSAMO (MI) -- ITALY